Statistieken voor Typ het antwoord so snel mogelijk

Klik hier om de quiz te nemen!

Algemene statistieken

  • Deze quiz is 40 keer genomen
  • De gemiddelde score is 8 van 10

Antwoordstatistieken

HintAntwoord% Correct
typ aa
93%
typ dede
93%
typ het 6de letter van het alfabetf
89%
typ geelgeel
89%
typ de kleur die na geel in de regenboog komtgroen
85%
typ typtyp
85%
typ uu
85%
typ van welk land de vlag is die bovenop het scherm isaustralie
81%
typ hh
78%
typ de knoppen die je gebruikt om te lopen in een spel achter elkaarwasd
70%

Scoreverdeling

Percentiel versus Aantal Correcte Antwoorden

Procent van Mensen met Elke Score

Uw Scoregeschiedenis

U heeft deze quiz nog niet genomen